Online katalóg knižníc regiónu Turca

Miluje hudbu, miluje tanec (Record no. 22383)

MARC details
000 -LEADER
fixed length control field 01198cam a2200349 a 4500
001 - CONTROL NUMBER
control field 22383
003 - CONTROL NUMBER IDENTIFIER
control field SK-KTurca
005 - DATE AND TIME OF LATEST TRANSACTION
control field 20260327092138.0
008 - FIXED-LENGTH DATA ELEMENTS--GENERAL INFORMATION
fixed length control field 240226s1994 xo a gr 000 f slo
015 ## - NATIONAL BIBLIOGRAPHY NUMBER
National bibliography number SNBA1994
020 ## - INTERNATIONAL STANDARD BOOK NUMBER
International Standard Book Number 8022005185
Qualifying information (viazané)
035 ## - SYSTEM CONTROL NUMBER
System control number SNK000017808
040 ## - CATALOGING SOURCE
Original cataloging agency SNK
Language of cataloging slo
Transcribing agency SNK
Description conventions AACR2
041 1# - LANGUAGE CODE
Language code of text/sound track or separate title slo
Language code of original eng
044 ## - COUNTRY OF PUBLISHING/PRODUCING ENTITY CODE
MARC country code xo
ISO country code SK
072 #7 - SUBJECT CATEGORY CODE
Subject category code 821.111(73)-3
Subject category code subdivision Americká próza
Source konspekt
080 ## - UNIVERSAL DECIMAL CLASSIFICATION NUMBER
Universal Decimal Classification number 821.111(73)-31
Edition identifier 2011
080 ## - UNIVERSAL DECIMAL CLASSIFICATION NUMBER
Universal Decimal Classification number (0:82-312.4)
Edition identifier 2011
100 1# - MAIN ENTRY--PERSONAL NAME
Personal name Clark, Mary Higgins,
Dates associated with a name 1929-2020
Relationship aut
240 10 - UNIFORM TITLE
Uniform title Loves music, loves to dance
Language of a work Slovensky
245 10 - TITLE STATEMENT
Title Miluje hudbu, miluje tanec
Statement of responsibility, etc. Mary Higgins-Clarková ; [z anglického originálu Loves music, loves to dance ... preložila Zuzana Vilikovská]
250 ## - EDITION STATEMENT
Edition statement 1. vyd.
260 ## - PUBLICATION, DISTRIBUTION, ETC.
Place of publication, distribution, etc. Bratislava
Name of publisher, distributor, etc. Slovenský spisovateľ
Date of publication, distribution, etc. 1994
300 ## - PHYSICAL DESCRIPTION
Extent 197 strán
Other physical details ilustrácie
Dimensions 21 cm
490 1# - SERIES STATEMENT
Series statement Spoločnosť priateľov krásnych kníh
Volume/sequential designation zv. 557
655 #7 - INDEX TERM--GENRE/FORM
Genre/form data or focus term americké romány
Source of term SNKPH
655 #7 - INDEX TERM--GENRE/FORM
Genre/form data or focus term detektívne romány
Source of term SNKPH
700 1# - ADDED ENTRY--PERSONAL NAME
Personal name Vilikovská, Zuzana
Relationship trl
700 1# - ADDED ENTRY--PERSONAL NAME
Personal name Sládek, Anton,
Dates associated with a name 1956-
Relationship ill
830 #0 - SERIES ADDED ENTRY--UNIFORM TITLE
Uniform title Spoločnosť priateľov krásnych kníh
942 ## - ADDED ENTRY ELEMENTS (KOHA)
Source of classification or shelving scheme Dewey Decimal Classification
Koha item type Krásna literatúra pre dospelých
Suppress in OPAC No
Holdings
Stav vyradenia Strata Poškodenie Spôsob nadobudnutia Domovská knižnica Aktuálna knižnica Dátum nadobudnutia Total checkouts Čiarový kód exemplára Date last seen Typ exemplára
      Dar Obecná knižnica Horná Štubňa Obecná knižnica Horná Štubňa 28.03.2026   4736202013 28.03.2026 Krásna literatúra pre dospelých
      Dar Obecná knižnica Turčianska Štiavnička Obecná knižnica Turčianska Štiavnička 27.03.2026   4738000786 27.03.2026 Krásna literatúra pre dospelých
Projekt je podporený Slovenskou asociáciou knižníc
Prevádzkuje Turčianska knižnica Martin 2026